Southville International School and Colleges
Your cart is empty.
  • Cart
  • Lists
    Public lists Eva Luna New books Lux_list list_1
    Your lists Log in to create your own lists
  • Log in to your account
  • Your cookies
  • Search history
Southville International School and Colleges
  • Advanced search
  • Recent comments
  • Most popular
  • Libraries

Log in to your account

Log in with GOOGLE


If you do not have an external account, but do have a local account, you can still log in:

  1. Home
  2. MARC view: Business driven HRM :
Normal view MARC view ISBD view

Business driven HRM : (Record no. 14544)

[ view plain ]
MARC details
000 -LEADER
fixed length control field 00571nam a2200193 a 4500
003 - CONTROL NUMBER IDENTIFIER
control field PILC
005 - DATE AND TIME OF LATEST TRANSACTION
control field 20150112093435.0
008 - FIXED-LENGTH DATA ELEMENTS--GENERAL INFORMATION
fixed length control field 100723s19uu xx 00 eng d
020 ## - INTERNATIONAL STANDARD BOOK NUMBER
International Standard Book Number 0470844337
050 ## - LIBRARY OF CONGRESS CALL NUMBER
Classification number HF 5549
Item number .H884 2002
082 ## - DEWEY DECIMAL CLASSIFICATION NUMBER
Classification number MHSF 658.3
Item number H96 2002
100 ## - MAIN ENTRY--PERSONAL NAME
Personal name Hussey, David
9 (RLIN) 15869
245 ## - TITLE STATEMENT
Title Business driven HRM :
Remainder of title a best practice blueprint /
260 ## - PUBLICATION, DISTRIBUTION, ETC. (IMPRINT)
Place of publication, distribution, etc New York :
Name of publisher, distributor, etc John Wiley & Sons, Inc,
Date of publication, distribution, etc 2002.
300 ## - PHYSICAL DESCRIPTION
Extent 290 pages :
Dimensions 18 cm.
650 ## - SUBJECT ADDED ENTRY--TOPICAL TERM
Topical term or geographic name as entry element Human resource - Management
9 (RLIN) 11051
650 ## - SUBJECT ADDED ENTRY--TOPICAL TERM
Topical term or geographic name as entry element Personnel management
9 (RLIN) 685
942 ## - ADDED ENTRY ELEMENTS (KOHA)
Source of classification or shelving scheme Library of Congress Classification
Koha item type Books
Holdings
Withdrawn status Lost status Source of classification or shelving scheme Damaged status Home library Current library Shelving location Date acquired Total Checkouts Full call number Barcode Date last seen Copy number Price effective from Koha item type
    Library of Congress Classification   Southville International School Affiliated with Foreign Universities Library Southville International School Affiliated with Foreign Universities Library Southville Foreign University Section 08/30/2013   HF 5549 .H884 2002 SFU1127 05/15/2018 1 08/30/2013 Books

Business driven HRM :

APA

Hussey D., . (2002). Business driven HRM. New York: John Wiley & Sons, Inc.

Chicago

Hussey David, . 2002. Business driven HRM. New York: John Wiley & Sons, Inc.

Harvard

Hussey D., . (2002). Business driven HRM. New York: John Wiley & Sons, Inc.

MLA

Hussey David, . Business driven HRM. New York: John Wiley & Sons, Inc. 2002.

  • Place hold
  • Print
  • Cite
  • Add to your cart (remove)
  • Save record
    BIBTEX Dublin Core MARCXML MARC (non-Unicode/MARC-8) MARC (Unicode/UTF-8) MARC (Unicode/UTF-8, Standard) MODS (XML) RIS
  • More searches
    Search for this title in:
    Other Libraries (WorldCat) Other Databases (Google Scholar) Online Stores (Bookfinder.com) Open Library (openlibrary.org)

Exporting to Dublin Core...

SOUTHVILLE LIBRARY

Southville International School and Colleges Library

1281 Tropical Ave. Cor. Luxembourg St., BF Homes International, Las Pinas City

Tel. No. 8256374 / 252358 Loc. 117/146

Powered by Koha